Estrategias migratorias y poder: tú siempre jalas a los tuyos

সংরক্ষণ করুন:
গ্রন্থ-পঞ্জীর বিবরন
বিন্যাস: পাঠ‍্য
প্রকাশিত: Quito: ABYA YALA
বিষয়গুলি:
ট্যাগগুলো: ট্যাগ যুক্ত করুন
কোনো ট্যাগ নেই, প্রথমজন হিসাবে ট্যাগ করুন!

MARC

LEADER 00000 a a2200000 04500
001 34351
003
040
020 |a 9978-22-602-8  
090 |a 1001 P371e  
245 |a Estrategias migratorias y poder: tú siempre jalas a los tuyos  
260 |a Quito:   |b ABYA YALA  
300 |a 432 p.  
650 |a MIGRACION INTERNACIONAL  
650 |a REDES SOCIALES  
650 |a REPRESENTACION SOCIAL  
650 |a CONDICIONES DE VIDA  
650 |a ECUADOR  
650 |a ESPAÑA  
999 |c 12611  |d 12611